Online Catalogue and eLibrary

Sahabagithwa puhunu athpotha (Record no. 5014)

MARC details
000 -LEADER
fixed length control field 00436nam a2200157Ia 4500
005 - DATE AND TIME OF LATEST TRANSACTION
control field 20250703012821.0
008 - FIXED-LENGTH DATA ELEMENTS--GENERAL INFORMATION
fixed length control field 240331s9999 xx 000 0 und d
020 ## - INTERNATIONAL STANDARD BOOK NUMBER
ISBN 9555920079
082 ## - DDC Classification
Item Number - Author Mark SRI
Class No. 658
245 #0 - TITLE STATEMENT
Title Sahabagithwa puhunu athpotha
260 ## - PUBLICATION, DISTRIBUTION, ETC.
Place of publication, distribution, etc. Colombo
Name of publisher, distributor, etc. Sri Lanka Foundation Institute
Date of publication, distribution, etc. 1994
300 ## - PHYSICAL DESCRIPTION
Extent (e.g. Volumes, Pages etc.) 232 p .,
500 ## - GENERAL NOTE
General note A book on Participant's Manual
700 ## - ADDED ENTRY--PERSONAL NAME
Personal name Sri Lanka Foundation Institute
Relator term (Role) Editor
942 ## - Koha item type (Biblio)
Koha item type Books in Stacks (Lending)
Holdings
Lost status Damaged status Collection code Home library Current library Shelving location Date acquired Full call number Accession Number Item type
    Lending WERC Library WERC Library Social Science Cupboard 03/31/2024 658 SRI 5683 Books in Stacks (Lending)

© WERC Library